A dictionary of the economic products of India / (Record no. 136822)

MARC details
000 -LEADER
fixed length control field 00690nam a22002177a 4500
010 ## - LIBRARY OF CONGRESS CONTROL NUMBER
LC control number 668099
035 ## - SYSTEM CONTROL NUMBER
System control number 668099
037 ## - SOURCE OF ACQUISITION
Source of stock number/acquisition Cen Lib / Ret
040 ## - CATALOGING SOURCE
Original cataloging agency DPL
Language of cataloging EN
082 ## - DEWEY DECIMAL CLASSIFICATION NUMBER
Classification number 338.03
Item number WAT
100 ## - MAIN ENTRY--PERSONAL NAME
Personal name Watt, George
245 ## - TITLE STATEMENT
Title A dictionary of the economic products of India /
Statement of responsibility, etc by George Watt
250 ## - EDITION STATEMENT
Edition statement 2nd ed
260 ## - PUBLICATION, DISTRIBUTION, ETC. (IMPRINT)
Place of publication, distribution, etc Delhi
Name of publisher, distributor, etc Cosmo Publicaitions
Date of publication, distribution, etc 1972
270 ## - ADDRESS
Address 10178, Library Road, Delhi
City Delhi
300 ## - PHYSICAL DESCRIPTION
Extent 6 v. ; (v 2. 689 ; v 6 pt 3. 479 )
Other physical details 24cm(Hb)
505 ## - FORMATTED CONTENTS NOTE
Formatted contents note v 5. Cabbage to Cyperus ; v 6 pt 3. Silk to tea
650 ## - SUBJECT ADDED ENTRY--TOPICAL TERM
Topical term or geographic name as entry element Commercial products -- India -- Dictionaries.
650 ## - SUBJECT ADDED ENTRY--TOPICAL TERM
Topical term or geographic name as entry element Economics.
942 ## - ADDED ENTRY ELEMENTS (KOHA)
Source of classification or shelving scheme Dewey Decimal Classification
Koha item type English Books
Classification part 338.03
Call number suffix WAT
Holdings
Withdrawn status Lost status Source of classification or shelving scheme Materials specified (bound volume or other part) Damaged status Not for loan Home library Current library Date acquired Source of acquisition Total Checkouts Full call number Barcode Date last seen Copy number Price effective from Koha item type
    Dewey Decimal Classification v 2     Central Library Central Library 10/03/2016 Cen Lib/Ret   338.03 WAT 668099 10/03/2016 1 10/03/2016 English Books
      v 6 pt 3     Central Library Central Library 11/03/2016 Cen Lib/Ret   338.03 WAT 668299 11/03/2016 1 11/03/2016 English Books
    Dewey Decimal Classification       Central Library Central Library 05/10/2016     338.03 WAT 675054 05/10/2016   05/10/2016 English Books

© Delhi Public Library
Hit Counter
free hit counter